000 00653nam a2200241 i 4500
001 C2-0224350
003 PPAK
005 20180728152912.0
008 000403s1988 io |||| ||||| | may d
020 _a979419056X
040 _aPPAK
_beng
_cPPAK
_erda
082 0 4 _a899.221
_223
090 0 0 _a899.221
_bPAN
_dKSA
100 0 _aPanuti Sudjiman,
_cDr.
_eauthor
245 1 0 _aMemahami cerita rekaan
264 1 _aJakarta, Indonesia :
_bPustaka Jaya ,
_c1988
300 _a138 pages ;
_c19 cm
336 _2rdacontent
_atext
337 _2rdamedia
_aunmediated
338 _2rdacarrier
_avolume
650 1 0 _aIndonesia literature
942 _ddc
_cB
999 _c145275
_d145275